000 00903cam a2200277 a 4500
001 1103971
003 OSt
005 20140310181757.0
008 930208s1991 ph ac b 001 0 eng
010 _a 92940565
040 _aDLC
_cDLC
_dDLC
043 _aa-ph---
050 0 0 _aDS 676
_b.So714 1996
082 0 0 _aFIL 959
_b So6 1996
100 1 _aSoriano, Rafaelita Hilario.
245 1 2 _aA shaft of light /
_cRafaelita Hilario Soriano.
260 _aManila,Philippines:
_bR.H. Soriano,
_c1996.
300 _axiii, 274 p. :
_bill., ;
_c26 cm.
562 _e1
651 0 _aPhilippines
_xHistory
_yRevolution, 1896-1898.
651 0 _aPhilippines
_xHistory
_yPhilippine American War, 1899-1902.
906 _a7
_bcbc
_corignew
_d3
_encip
_f19
_gy-gencatlg
942 _2lcc
_cBK
_kFIL
999 _c3494
_d3494